1288 1933 1339 1877 1367 1527 1648 1914 1423 1510 1122 1572 1541 1934 1128 1322 1271 1567 1518 1705 1449 1675 1389 1260 1118 1195 1526 1585 1961 1943 1775 1506 1519 1656 1516 1923 1592 1061 1186 1793 1093 1546 1755 1687 1650 1804 1894 1470 1381 1450 1487 1863 1970 1060 1246 1460 1842 1959 1136 1311 1274 1211 1423 1581 1808 1702 1403 1375 1488 1529 1289 1073 1995 1728 1676 1918 1153 1117 1811 1381 1730 1914 1647 1506 1724 1870 1023 1144 1975 1149 1911 1600 1195 1641 1416 1624 1104 1278 1825 BCNSPRNW ULIB Ver.6.0+V

เปลี่ยนเป็นภาษาไทย

Change to English
 แสดงรายละเอียดบรรณานุกรม
  กลับหน้าหลัก

Brief Record : Get Marc (ISO 2709) : E-mail record : QR code < ปิดหน้าต่าง
LEADER : 00000nam 2200000uu 4500
001    13399112255
003     ULIB
008    110802s2554||||th 000 0 tha d
020    9789190603725
024    9789190603725
090    นว.^bฌ111ว 2554
100 0  ฌามิวอาห์
245 00 วิวาห์ปรารถนา/^cฌามิวอาห์
260    กรุงเทพฯ:^bแจ่มใส,^c2554.
400    ความรู้สึกดี...ที่เรียกว่ารัก
945    ^p239^l0^i18471
995    เกษร
999 ^a ใช้งานได้ทุกระบบ
รายการนี้ยังไม่มีแท็ก
คุณยังไม่ได้ล็อกอิน คุณสามารถมีกิจกรรมร่วมกับเว็บไซต์ได้ แต่ต้องล็อกอินก่อน ::
  ล็อกอิน

รายการสื่อสารสนเทศ

ลำดับที่ ประเภท เลขเรียก/บาร์โค้ด สถานที่ สถานะ
1. นวนิยาย
นวนิยาย
นว. ฌ111ว 2554  
  Barcode: 18471
ห้องสมุดวิทยาเขตสวรรค์ประชารักษ์
►นวนิยาย
บนชั้น
  ขอยืม

รายการใกล้เคียง
    ผู้แต่ง [ฌามิวอาห์]

BibComment


ยังไม่เคยถูกคอมเมนท์

คอมเมนท์ทรัพยากรรายการนี้
  คอมเมนท์: วิวาห์ปรารถนา ฌาม..


 Copyright 2026. Bcnsprnw @Library